Guess The Flags - Statistics

General Stats
  • This quiz has been taken 480 times
  • The average score is 14 of 16
Answer Stats
Picture Answer % Correct
China
98%
France
96%
Japan
96%
Spain
96%
India
95%
South Korea
95%
Ukraine
95%
Germany
94%
Greece
92%
Sweden
91%
Russia
90%
Israel
88%
Portugal
86%
Vietnam
77%
Iceland
75%
Singapore
64%
No matching quizzes found
Score Distribution
Percent of People with Each Score
Percentile by Number Answered
Your Score History
You have not taken this quiz